Statistieken voor Vlaggen met het Meeste Geel

Klik hier om de quiz te nemen!

Algemene statistieken

  • Deze quiz is 1.792 keer genomen
  • De gemiddelde score is 7 van 8

Antwoordstatistieken

Antwoord% Correct
Spanje
99%
Oekraïne
98%
Vaticaanstad
94%
Colombia
92%
Ecuador
86%
Bhutan
83%
Brunei
64%
Saint Vincent en de Grenadines
56%

Scoreverdeling

Percentiel versus Aantal Correcte Antwoorden

Procent van Mensen met Elke Score

Uw Scoregeschiedenis

U heeft deze quiz nog niet genomen